<?xml version="1.0" encoding="UTF-8"?>
<marc:record xmlns:marc="http://www.loc.gov/MARC21/slim">
   <marc:leader>00000nam a2200000 a 4500</marc:leader>
   <marc:datafield ind1="1" ind2=" " tag="100">
      <marc:subfield code="a">Neuhold, Thomas</marc:subfield>
      <marc:subfield code="4">aut</marc:subfield>
      <marc:subfield code="e">Verfasser/-in</marc:subfield>
   </marc:datafield>
   <marc:datafield ind1=" " ind2=" " tag="653">
      <marc:subfield code="a">Salzburg</marc:subfield>
   </marc:datafield>
   <marc:datafield ind1=" " ind2=" " tag="653">
      <marc:subfield code="a">Tirol</marc:subfield>
   </marc:datafield>
   <marc:datafield ind1=" " ind2=" " tag="653">
      <marc:subfield code="a">Berchtesgaden</marc:subfield>
   </marc:datafield>
   <marc:datafield ind1=" " ind2=" " tag="653">
      <marc:subfield code="a">Bergsteigen</marc:subfield>
   </marc:datafield>
   <marc:datafield ind1=" " ind2=" " tag="653">
      <marc:subfield code="a">Wandern</marc:subfield>
   </marc:datafield>
   <marc:datafield ind1=" " ind2=" " tag="653">
      <marc:subfield code="a">Berg</marc:subfield>
   </marc:datafield>
   <marc:datafield ind1=" " ind2=" " tag="653">
      <marc:subfield code="a">Bergtouren</marc:subfield>
   </marc:datafield>
   <marc:datafield ind1=" " ind2=" " tag="653">
      <marc:subfield code="a">Salzburg &lt;Land&gt;</marc:subfield>
   </marc:datafield>
   <marc:datafield ind1="0" ind2="0" tag="245">
      <marc:subfield code="a">100 große Gipfelziele</marc:subfield>
   </marc:datafield>
   <marc:datafield ind1="0" ind2="0" tag="245">
      <marc:subfield code="b">Normalwege und alternative Routen</marc:subfield>
   </marc:datafield>
   <marc:datafield ind1=" " ind2="1" tag="264">
      <marc:subfield code="b">Anton Pustet</marc:subfield>
      <marc:subfield code="c">2019</marc:subfield>
   </marc:datafield>
   <marc:datafield ind1="1" ind2=" " tag="520">
      <marc:subfield code="a">Die Größten und die Schönsten
Vom Höllengebirge bis zu den Nockbergen, vom Wilden Kaiser bis zum Dachstein, von der Glocknergruppe bis in die Niederen Tauern, von den Kitzbüheler Alpen bis zum Watzmann – der Salzburger Alpinist und Autor Thomas Neuhold widmet seinen jüngsten Bergband den großen Gipfeln der jeweiligen Gebirgsgruppen. In dem Auswahlführer versammelt sich auf über 200 Seiten die gesamte Gipfelprominenz der Region.
Thomas Neuhold stellt die Bergziele anhand der meist üblichen Normalwege vor. Die technischen Anforderungen reichen von der einfachen Bergwanderung über moderate Gletschertouren bis zum (seilfreien) II. Grad. Ein Must-have für Bergwanderer und klassische Bergsteiger.
Der exzellente Gebietskenner hat freilich auch – „typisch Neuhold“ – jede Menge alternativer Routen und Zusatztipps parat. So kommt der Tourenführer gut und gerne auf 200 Anstiege in die heimatliche Bergwelt. Darunter sind auch einige echte Raritäten. Zu jeder Tour gibt es Kartenskizzen, Fotos, Ausrüstungstipps und Hinweise für die Anreise sowie Informationen über Hütten und Gaststätten.</marc:subfield>
   </marc:datafield>
   <marc:datafield ind1=" " ind2=" " tag="020">
      <marc:subfield code="a">9783702509316</marc:subfield>
      <marc:subfield code="9">9783702509316</marc:subfield>
   </marc:datafield>
</marc:record>
